000
00274nam a22001337a 4500
008
171013b xxu||||| |||| 00| 0 eng d
020
_a
0201092247
041
_a
eng
080
_a
316
100
_a
50
101
_a
SOC
245
_a
ANALYSIS
_c
MILLS,G.E
942
_2
udc
_c
BK
999
_c
33630
_d
33630